The teaching of ecology
I tiakina i:
| Kaituhi matua: | |
|---|---|
| Hōputu: | Pukapuka |
| Reo: | Ingarihi |
| I whakaputaina: |
Londres
Blackwell Scientific
1967
|
| Ngā marau: | |
| Ngā Tūtohu: |
Tāpirihia he Tūtohu
Kāore He Tūtohu, Me noho koe te mea tuatahi ki te tūtohu i tēnei pūkete!
|
MARC
| LEADER | 00000nam a2200000 a 4500 | ||
|---|---|---|---|
| 001 | UCU3341 | ||
| 003 | CL-VaPUC | ||
| 005 | 20230901110725.0 | ||
| 008 | 960510e19670000uk 1 eng d | ||
| 082 | 0 | 4 | |a 577.07 |b LAM |2 21 |
| 100 | 1 | |a Lambert, J. M |e author |9 617691 | |
| 245 | 1 | 4 | |a The teaching of ecology |
| 260 | |a Londres |b Blackwell Scientific |c 1967 | ||
| 300 | |a 294 p | ||
| 583 | |a last modification |c 19960510 00:00:00 |k Rodrigo Vera | ||
| 650 | 0 | 0 | |a Ecología |9 258124 |
| 650 | 0 | 7 | |a FITOECOLOGIA |2 CL-VaPUC |9 358039 |
| 650 | 0 | 7 | |a ECOLOGIA ANIMAL |2 CL-VaPUC |9 617692 |
| 650 | 0 | 0 | |a Medio ambiente |9 257625 |
| 650 | 0 | 0 | |a Vegetación |9 264748 |
| 650 | 0 | 0 | |a Ecosistemas |9 261477 |
| 650 | 0 | 0 | |a Ambientalistas |9 389163 |
| 650 | 0 | 0 | |a Educación ambiental |9 262920 |
| 650 | 0 | 7 | |a CIENCIAS AMBIENTALES |2 CL-VaPUC |9 344897 |
| 942 | |c BK | ||
| 945 | |a rbrito |d 19960510 00:00:00 | ||
| 546 | |a En Inglés | ||
| 518 | |p <A >Symposium of the British Ecological Society, 7, Goldsmiths' College, University of London, 13 16 April 1966 | ||
| 999 | |c 382595 |d 382593 | ||
| 952 | |0 0 |1 0 |4 0 |6 577_070000000000000_LAM_1967 |7 0 |8 A |9 504377 |a BIBCUR |b BIBCUR |d 2020-01-23 |i 3197069 |o 577.07 LAM 1967 |p 3197069 |r 2025-04-22 |w 2020-01-23 |y BK |k BCB | ||